| 000 | 00647na a2200241 4500 | ||
|---|---|---|---|
| 001 | 14067 | ||
| 003 | MIRAKIL | ||
| 005 | 20181213155030.0 | ||
| 008 | 160901b tu 000 0 | ||
| 020 | _a9789533250373 | ||
| 035 | _a14067 | ||
| 040 |
_aMilas _btur _cTR-AnCHP |
||
| 082 |
_a926 Tara,Ş. _bD54ş 2013 |
||
| 090 | _a926 Tara,Ş. D54ş 2013 | ||
| 100 | _aDikic, Ivica | ||
| 245 |
_aŞarık Tara _bA life _cIvica Dikic |
||
| 246 | _aA life | ||
| 260 |
_aZagreb _bNovi Libe _c2013 |
||
| 300 |
_a231 s. _c22 sm. |
||
| 600 |
_aTarık Şara _xYaşamöyküsü |
||
| 650 |
_aİş adamları _xYaşamöyküsü _zTürkiye |
||
| 942 |
_2ddc _cBKS |
||
| 999 |
_c5202 _d5202 |
||